Natural Disasters as Interactive Components of Global Ecodynamics

This book opens a new approach to the study of global environmental changes having unfavourable character for mankind and other living systems. The main advantage of the book consists in the accumulation of knowledge from different sciences to parametrize the global ecodynamic process. Natural catas...

Full description

Bibliographic Details
Main Authors: Kondratyev, Kirill Ya (Author), Varotsos, Costas A. (Author), Krapivin, Vladimir F. (Author)
Corporate Author: SpringerLink (Online service)
Format: Electronic eBook
Language:English
Published: Berlin, Heidelberg : Springer Berlin Heidelberg, 2006.
Series:Springer Praxis Books
Subjects:
Online Access:Full Text via HEAL-Link
LEADER 03208nam a22005655i 4500
001 978-3-540-37714-6
003 DE-He213
005 20151204151728.0
007 cr nn 008mamaa
008 100301s2006 gw | s |||| 0|eng d
020 |a 9783540377146  |9 978-3-540-37714-6 
024 7 |a 10.1007/3-540-37714-X  |2 doi 
040 |d GrThAP 
050 4 |a TD881-890 
072 7 |a RNP  |2 bicssc 
072 7 |a SCI026000  |2 bisacsh 
082 0 4 |a 363.7392  |2 23 
100 1 |a Kondratyev, Kirill Ya.  |e author. 
245 1 0 |a Natural Disasters as Interactive Components of Global Ecodynamics  |h [electronic resource] /  |c by Kirill Ya. Kondratyev, Costas A. Varotsos, Vladimir F. Krapivin. 
264 1 |a Berlin, Heidelberg :  |b Springer Berlin Heidelberg,  |c 2006. 
300 |a XXXVI, 580 p.  |b online resource. 
336 |a text  |b txt  |2 rdacontent 
337 |a computer  |b c  |2 rdamedia 
338 |a online resource  |b cr  |2 rdacarrier 
347 |a text file  |b PDF  |2 rda 
490 1 |a Springer Praxis Books 
505 0 |a Statistics of natural disasters -- Natural disasters and the survivability of ecological systems -- Biocomplexity as a predictor of natural disasters -- Natural disasters and humankind -- The monitoring of natural disasters -- Prediction of natural disasters -- The natural catastrophe in the Aral Sea region -- Natural disasters as components of global ecodynamics -- Interactivity of climate and natural disasters. 
520 |a This book opens a new approach to the study of global environmental changes having unfavourable character for mankind and other living systems. The main advantage of the book consists in the accumulation of knowledge from different sciences to parametrize the global ecodynamic process. Natural catastrophes are considered as an interactive element of global natural dynamics which are described by means of simulation models of global nature/society. The realization of this approach allows the integration within a complex structure of all international and national means of environmental monitoring and provides a tool for objective evaluation of the environmental quality. The main purpose of this book is to develop a universal information technology to estimate the state of environmental subsystems functioning under various climatic and anthropogenic conditions. 
650 0 |a Environment. 
650 0 |a Natural disasters. 
650 0 |a Climate change. 
650 0 |a Geoecology. 
650 0 |a Environmental geology. 
650 0 |a Air pollution. 
650 1 4 |a Environment. 
650 2 4 |a Atmospheric Protection/Air Quality Control/Air Pollution. 
650 2 4 |a Natural Hazards. 
650 2 4 |a Environmental Monitoring/Analysis. 
650 2 4 |a Environment, general. 
650 2 4 |a Climate Change. 
650 2 4 |a Geoecology/Natural Processes. 
700 1 |a Varotsos, Costas A.  |e author. 
700 1 |a Krapivin, Vladimir F.  |e author. 
710 2 |a SpringerLink (Online service) 
773 0 |t Springer eBooks 
776 0 8 |i Printed edition:  |z 9783540313441 
830 0 |a Springer Praxis Books 
856 4 0 |u http://dx.doi.org/10.1007/3-540-37714-X  |z Full Text via HEAL-Link 
912 |a ZDB-2-EES 
950 |a Earth and Environmental Science (Springer-11646)